02383nam a22002897a 4500003000400000005001700004008004100021040007300062050002500135100002500160245013300185260006800318300004600386500010700432504005600539520125800595546002101853650001901874650002001893650001301913650001301926650001001939700003301949700003401982700003402016700004302050OSt20220811205825.0220811b ||||| |||| 00| 0 eng d aCvSU-CCAT Campus Library.bEnglish.cCvSU-CCAT Campus Library.erda. aUM TJ 1280bA46 2018 aAlminar, Princess O. aDevelopment of Vertical Honing Machine with Cooling System / cPrincess O. Alminar, Nielyn A. Arellano, and Juluis T. Dela Cruz. aRosario, Cavite :bCavite State University--CCAT Campus,c2018. axiii, 57 leaves :bIllustration : c28 cm aDesign Project (BSIT) Major in Stationary Marine Technology--Cavite State University-CCAT Campus, 2018 aIncludes bibliographical references and appendices. aALMINAR, PRINCESS O.,ARELLANO,NIELYN A. and DELA CRUZ,JULIUS T. Development of Vertical Honing Machine with Cooling System. Undergraduate Thesis. Department of Industrial Technology. Cavite State University-Cavite College of Arts and Trades Campus, Rosario, Cavite. July 2018.Adviser:Mr.Josefino Ambayec. Technical critic: Mr. Danilo G. Santiago. The study was conducted from March 2017 to May 2018 at Cavite State University CCAT-Campus in SMT Building to develop and evaluate a vertical honing machine with cooling system. Specifically the study aims to: (1) design a vertical; (2) construct a vertical honing machine with cooling system; (3) evaluate and to test the vertical honing machine with cooling system. In terms of: (3.1) comparing speed of honing the bore of motor cycle cylinder using with or without cooling system based on the standard clearance of the manufacturer; and(3.2) determining the accuracy of honing by means of measuring the bore of motor cycle cylinder based on the manufacturer standard clearance. Mechanics, professors, students and other allied courses were the beneficiaries of the developed prototype. The collected data were tabulated, getting the mean of different trials used in the development of the project.  aIn English text. aHoning Machine aCooling Machine aVertical aAccuracy aSpeed aArellano, Nielyn A., Author. aDela Cruz, Julius T., Author. aAmbayec Josefino E., Adviser. aSantiago, Danilo G., Technical critic.